[Event "EU-ch 10th"]
[Site "Budva"]
[Date "2009.03.14"]
[Round "8"]
[White "L'Ami, Erwin"]
[Black "Banusz, Tamas"]
[Result "1-0"]
[WhiteElo "2603"]
[BlackElo "2501"]
[Annotator "L'Ami,E"]
[PlyCount "111"]
[EventDate "2009.03.06"]
[EventType "swiss"]
[EventRounds "11"]
[EventCountry "MNE"]
[SourceTitle "CBM 130"]
[Source "ChessBase"]
[SourceDate "2009.05.20"]
[SourceVersion "1"]
[SourceVersionDate "2009.05.20"]
[SourceQuality "1"]

1. d4 d5 2. c4 dxc4 3. Nf3 a6 4. a4 Nf6 5. Nc3 $6 Nc6 6. e4 Bg4 7. e5 Nd5 $6 (
7... Bxf3 8. gxf3 Nd5 9. Be3 Na5 10. Bg2 $15) 8. Bxc4 e6 9. Be3 Nxe3 (9... Bb4
$5 10. Rc1 Bxc3+ (10... Nb6 11. Be2 O-O 12. O-O $14) 11. bxc3 Nxe3 12. fxe3
Bxf3 13. Qxf3 Nxe5 14. Qxb7 Rb8 15. Qe4 Nxc4 16. Qc6+ Kf8 17. Qxc4 Qh4+ 18. g3
Qe4 19. O-O Qxe3+ 20. Kh1 Qe4+ 21. Kg1 Qe3+ $11) 10. fxe3 Bxf3 (10... Be7 $5
11. O-O O-O 12. Bd3 Nb4 13. Be4 c5 14. Bxb7 Rb8 15. Be4 cxd4 16. exd4 f5 17.
exf6 Bxf6 $44) 11. Qxf3 Nxe5 12. Qxb7 Rb8 13. Qxa6 Rb6 14. Bb5+ c6 15. Qa7 Nd7
$2 (15... Ng4 $8 16. O-O (16. a5 Rxb5 17. Nxb5 cxb5 18. a6 (18. O-O {- 16.0-0})
18... Nxe3 19. Qb7 Qxd4 (19... Nc2+ 20. Kf1 Qf6+ 21. Qf3 Qxf3+ 22. gxf3 Kd7 23.
a7 Ba3 24. Ra2 Ra8 25. b3 Rxa7 26. Rxc2 Bd6 27. Ke2 Ra3 $14) (19... Bb4+ 20.
Ke2 Qxd4 21. a7 Qxb2+ 22. Kf3 O-O 23. a8=Q Nc4 24. Qa2) 20. a7 Bb4+ 21. Ke2
Qxb2+ 22. Kxe3 Bc5+ 23. Kd3 Qb3+ 24. Ke2 Qc2+ 25. Ke1 Bb4+ 26. Kf1 Qd3+ 27. Kf2
$11) 16... Be7 $1 (16... f5 17. Bc4 (17. a5 Rxb5 18. Nxb5 cxb5 19. Rf3 $14)
17... Qd6 18. Rf4 Rxb2 19. Rxg4 fxg4 20. Ne4 Qb8 $132) 17. a5 Rxb5 18. Nxb5
cxb5 19. Rf3 (19. Qb7 O-O 20. a6 Nxe3 21. a7 Qa8 22. Qxa8 Rxa8 23. Rfc1 Nd5 $15
) 19... f5 20. h3 Nf6 21. Qb7 Kf7 22. Qxb5 Qa8 23. a6 Rb8 $132) 16. a5 Rxb5 17.
Nxb5 cxb5 18. a6 $6 (18. O-O Bd6 19. a6 Qh4 20. h3 Ke7 21. Rxf7+ Kxf7 22. Qxd7+
Qe7 23. Qxb5 Ra8 24. Qc6 Ra7 25. Rf1+ Kg6 26. e4 $16) 18... Bb4+ 19. Ke2 Qg5
20. Qb7 Qg4+ 21. Qf3 Qxf3+ 22. gxf3 Nb6 23. a7 Kd7 24. Rhc1 Na8 $1 25. e4 Rc8
26. Kd3 Rc6 27. e5 Kc7 28. Rxc6+ Kxc6 29. Ke4 g6 (29... Be7 30. Rc1+ Kb7 31. d5
exd5+ 32. Kxd5 Nb6+ 33. Ke4 Bd8 (33... g6 34. f4 Bf8 35. f5 $16) 34. Ra1 Ka8
35. f4 g6 36. f5 gxf5+ 37. Kxf5 $16) 30. Rd1 Nb6 31. d5+ exd5+ 32. Rxd5 Be7 33.
f4 Kb7 34. Rxb5 Kxa7 35. f5 f6 36. e6 g5 $6 (36... Nc4 37. fxg6 (37. Kd5 $5 Ne5
(37... Ne3+ 38. Kc6 Nxf5 39. Rb7+ (39. Kd7 $5 h5 40. Rxf5 gxf5 41. Kxe7 f4 42.
Kf7 f3 43. e7 f2 44. e8=Q f1=Q 45. Qe7+ Kb8 46. Qd8+ Kb7 47. Qxf6 Qg2 48. h4
$14) 39... Ka6 (39... Ka8 40. Rd7 Kb8 41. b4 $1 $18) 40. Rb8 Ka7 41. Rh8 h5 42.
Rh7 Kb8 43. Kd7 Bd6 44. Rf7 Be5 45. Kc6 Nd4+ 46. Kd5 Nf5 47. e7 Nxe7+ 48. Rxe7
Bxb2 49. Rh7 $18) (37... Nd6 38. fxg6 hxg6 39. Rb3 $16) 38. Rb3 (38. fxg6 hxg6
39. Rb3 g5 40. Rh3 Kb6 $11) 38... gxf5 39. Rh3 Kb6 40. Rxh7 Nc6 41. h4 f4 42.
Rh5 (42. Ke4 Kc5 43. Kxf4 Kd6 $11) 42... Kc7 43. Rf5 Nb4+ (43... Ba3 $5 44. Ke4
$1 (44. Rxf4 Ne7+ 45. Kc4 Bxb2 46. Rf2 Be5 47. Kc5 Nc6 48. Rd2 Nd4 $1 49. Kd5
Nf5 50. h5 Kd8 51. Ra2 Ke7 52. Ra7+ Ke8 $11) 44... Ne7 45. Rb5 Kc6 46. Rb3 f5+
47. Ke5 Bd6+ 48. Kf6 $16) 44. Ke4 Kd6 45. h5 Kxe6 46. Rb5 Kf7 47. Rb7 Nc6 48.
Kxf4 Nd8 49. Ra7 Nc6 50. Rc7 Nd4 51. Rb7 Ne6+ 52. Kg4 Nc5 53. Ra7 Ke6 54. b4
f5+ 55. Kf3 Nd7 56. b5 Bg5 57. Ra3 Kd6 58. Rd3+ Ke6 59. Rd1 Ke7 $11) 37... hxg6
38. Kd5 Ne5 39. Rb3 (39. h4 Ka8 40. Rb3 Ka7 41. h5 gxh5 42. Rh3 Kb6 43. Rxh5
Nd3 44. Rh7 Nb4+ 45. Ke4 Nc6 $11) 39... g5 40. Rb5 (40. Rh3 Kb6 41. Rh7 Nc6 $11
) (40. Ke4 Nc6 $1 41. Rd3 Ne5 42. Rc3 Kb6 43. Kf5 Nc6 44. Kg6 Ne5+ 45. Kg7 f5
$11) 40... Nf3 41. Ke4 Ne5 (41... Nxh2 42. Rd5 Kb6 43. Rd7 Bc5 44. e7 (44. Kf5
Nf1 45. Kxf6 Ne3 46. Kxg5 Nc4 47. b3 Na5 48. Rd3 Nc6 49. Kf6 Kb5 50. Rd5 Nb4
51. Rd7 Kc6 52. Rd1 Nd5+ 53. Kf7 Bb4 54. Rc1+ Kb5 55. Rc8 Bd6 $11) 44... Bxe7
45. Rxe7 Ng4 46. Kd4 $16) 42. Kf5 (42. Rb3 Nc4 43. Kd4 Nb6 44. Rc3 Kb7 45. Ke4
Nc8 46. Kd5 Nb6+ $11) 42... Nc4 43. Kg6 Nd6 44. Rb3 f5 45. Rh3 (45. Kh6 Ka8 46.
Kg7 Ka7 $11) 45... f4 46. Rb3 (46. Rh7 Nc8 47. Kf5 Kb6 $11) 46... Ka8 47. h3
Ka7 48. Kh5 Nf5 (48... Ka8 49. Kg4 Ka7 50. h4 gxh4 51. Kxf4 Ka8 52. Ke5 Ka7 53.
Kd5 $16) 49. Kg4 Nd4 50. Rd3 Nc6 51. Kf5 Kb6 $132) 37. h4 $5 (37. Rb3 h5 38.
Rh3 Nc8 $1 (38... h4 39. Rd3 Kb7 40. h3 Kc6 41. Rc3+ Kb7 42. Rc2 Nc8 43. Kf3
Nb6 44. Kg4 Nd5 45. Kh5 Nf4+ 46. Kh6 Nxh3 47. Kg6 Nf4+ 48. Kf7 Nd5 49. Rd2 Kc6
50. Rxd5 Kxd5 51. Kxe7 g4 52. Kxf6 g3 53. e7 g2 54. e8=Q g1=Q 55. Qe6+ $14) 39.
Rxh5 (39. Kd5 Kb6 40. Rxh5 Nd6 {- 39.Rxh5}) 39... Nd6+ 40. Kd5 Kb6 $1 41. h4
Nxf5 42. hxg5 fxg5 43. Ke5 Nd6 44. Rh7 Nc8 $11) 37... h6 $2 (37... g4 $1 38. h5
Bd6 39. Rb3 Nc8 (39... Kb7 40. h6 Kc7 41. Rc3+ Kd8 42. Rd3 Kc7 (42... Ke7 43.
Rb3 Bc7 44. Rc3 Be5 45. Rc6 Na4 46. Rc8 $18) 43. Rd4 Bc5 44. Rd1 Bd6 45. b4 Nc8
46. b5 Kb6 47. Rd5 Kc7 48. Rd4 Kb6 49. Kd3 g3 50. Rg4 Kxb5 51. Rg7 Bf8 52. Rg8
g2 53. Rxg2 Bxh6 54. Rb2+ Kc6 55. Rc2+ Kb7 56. Rh2 Bf4 57. Rxh7+ Kc6 58. Ke4
Bd6 59. Rh8 Kc7 60. Kf3 $16) 40. Kd5 g3 41. Kc6 g2 42. Rb7+ Ka6 (42... Ka8 43.
Rg7 Ne7+ $1 44. Kd7 Ng6 45. Kxd6 g1=Q 46. hxg6 hxg6 47. fxg6 Qd4+ 48. Ke7 f5
49. Kf7 Qd5 50. Rg8+ Ka7 51. Rf8 (51. g7 Qb7+ 52. e7 Qd5+ 53. Kf8 Qd6 $11)
51... Qb7+ 52. e7 Qd5+ 53. Kg7 Qe5+ 54. Kh7 Qh2+ 55. Kg8 $18) 43. Rg7 Ne7+ 44.
Kd7 Ng6 45. hxg6 g1=Q 46. Kxd6 hxg6 47. fxg6 f5 48. e7 Qb6+ 49. Ke5 f4 50. Rf7
Qxb2+ 51. Kxf4 Qd4+ 52. Kf5 Qd5+ 53. Kf6 Qd4+ 54. Kg5 Qe3+ 55. Kf5 Qd3+ 56. Ke5
Qe3+ 57. Kd6 Qd4+ 58. Kc7 Qe5+ $11) 38. hxg5 hxg5 39. Rb3 Kb7 40. Rc3 Nc8 41.
Kf3 Nd6 42. Kg4 Kb6 43. b4 $1 Kb7 44. Rc5 Kb6 45. Kh5 Kb7 46. Kg6 Kb6 47. Rc1
Kb7 48. Rc2 (48. Rh1 Kc6 49. Rh7 Nc8 50. b5+ (50. Kf7 Bxb4 51. Kxf6 g4 52. Rh2
Kd6 53. Rg2 Bc3+ 54. Kg5 Ne7 55. Kxg4 (55. f6 Nd5 56. f7 Ke7 57. Rxg4 Nc7 58.
Kg6 Be5 59. Re4 Bd6 60. Kf5 Bh2 $11) 55... Bf6 (55... Ke5 56. Kg5 $18) 56. Rd2+
Ke5 57. Re2+ Kd6 58. Ra2 Ke5 $11) 50... Kxb5 51. Rxe7 Nxe7+ 52. Kxf6 g4 (52...
Nd5+ 53. Ke5 $1 (53. Kxg5 Kc6 54. f6 Kd6 $11) 53... Kc6 54. f6 $18) 53. Kxe7 g3
54. Kf8 g2 55. e7 g1=Q 56. e8=Q+ Kc5 57. Qe5+ Kc6 58. f6 $18) 48... Kb6 49. b5
$2 (49. Rh2 Kc6 (49... Kc7 50. b5 g4 51. Rh7 Nc8 52. Rh4 g3 53. Rc4+ Kd8 54.
Rg4 $18) 50. Rh7 $18 {- 48.Rh1}) 49... g4 50. Rg2 Kxb5 51. Rxg4 Kc6 52. Ra4 Kb7
$2 (52... Kd5 $1 53. Ra7 Ke5 54. Rxe7 Nxf5 55. Kf7 (55. Rf7 Nh4+ 56. Kh5 Kxe6
$11) 55... Nd6+ 56. Kf8 f5 $11) 53. Ra1 Bd8 (53... Kb8 54. Ra6 Kc7 (54... Kb7
55. Rxd6 Bxd6 56. Kxf6 $18) 55. Ra7+ Kd8 56. Ra8+ Kc7 57. Rh8 Kc6 58. Rh7 Nc8
59. Kf7 Bd8 60. Ke8 Bc7 61. e7 Bd6 (61... Kd5 62. Kd7 Nxe7 63. Rxe7 Be5 64. Re8
Bb2 65. Re2 Be5 66. Ke7 $18) 62. Kd8 Bxe7+ 63. Kxc8 (63. Rxe7 Nd6 $1 64. Re6
Kd5 65. Rxf6 Ke5 66. Re6+ Kd5 $11) 63... Bb4 64. Rd7 $18) 54. Rh1 Kc6 55. Rh7
Bb6 56. Kxf6 1-0

[Event "Ptuj zt"]
[Site "Ptuj"]
[Date "1995.??.??"]
[Round "10"]
[White "Lobron, Eric"]
[Black "Sermek, Drazen"]
[Result "1-0"]
[WhiteElo "2575"]
[BlackElo "2515"]
[Annotator "Lobron,E"]
[PlyCount "39"]
[EventDate "1995.04.??"]
[EventType "tourn"]
[EventRounds "15"]
[EventCountry "SLO"]
[EventCategory "10"]
[SourceTitle "CBM 047"]
[Source "ChessBase"]
[SourceDate "1995.08.01"]
[SourceVersion "1"]
[SourceVersionDate "1995.08.01"]
[SourceQuality "1"]

1. d4 {Ftacnik} d5 2. c4 dxc4 3. Nf3 c5 4. d5 Nf6 5. Nc3 b5 $2 {Schon bei der
morgendlichen Vorbereitung entdeckte ich Sermeks`Vorliebe für diesen selten
gespielten Zug, nicht zu verwechseln mit der gleichen Stellung mit e2-e4
anstatt Sf3, die in Linares `94 die Runde machte. Mit Hilfe von Shft f6 machte
ich mich also auf die Suche nach Vorgängerpartien, in der Hoffnung den
richtigen Weg gezeigt zu kriegen. Zum großen Ärgernis meiner Denkfaulheit
konnten meine Datenbanken mir diesen Gefallen jedoch nicht tun; auf
großmeisterlichem Niveau schon gar nicht. (RR: es klappt aber doch!)
Frustriert beschloß ich mich zunächst um wichtigere Dinge zu kümmern und ging
Mittag essen. Aufgrund der dürftigen Qualität desselbigen kann ich nur von
Glück sagen, daß sich währenddessen meine Gedanken auf die Suche nach
Möglichkeiten machten, den Slowenen durch Zugumstellungenen von Heimanalysen
abzulenken. Das half- das Essen wurde zur reinen Nahrungsaufnahme degradiert,
mehr Aufmerksamkeit verdiente es sowieso nicht. Ins Hotelzimmer zurückgekehrt
holten mich jedoch die alten Probleme wieder ein, die Möglichkeit Sermek durch
Zugumstellungen aufs Glatteis zu führen schien mir nicht gegeben. Sein
Repertoire war zwar begrenzt, aber doch wasserdicht. Vollkommen verunsichert
durchforstete ich nur wenige Minuten vor Abfahrt des Busses noch einmal die
"Bigbase", und fand-die Lösung!} 6. Nxb5 (6. Bf4 a6 7. e4 b4) 6... Bb7 7. e4 $1
{Mit diesem Zug überrumpelte ein 2400er einen namenlosen Spieler. Leider finde
ich diese Partie trotz aller Shft f6 Bemühungen nicht mehr (RR:es klappt doch
und zwar so: 1) Suchstellung aufs Brett 2)F12 drücken und die zu durchsuchende
Datenbank [BigDatabase] mit Mausklick aktiviere 3)Nun Shift/F6 oder STRG/C
drücken), die Züge sind in meinem Gedächtnis jedoch noch gespeichert.} (7. g3
Nxd5 8. Bd2 e6 9. Bg2 Nd7 $13 {Bareev,E-Fedorov,Vladis/URS-chT/1988/1-0/}) (7.
Qa4 Nbd7 8. Nc3 (8. e4 {Ftacnik} Nxe4 9. Bf4 Nd6 10. Bxc4 a6 11. Na3 Qb6 12.
O-O Qb4 13. Bb3 Qxa4 14. Bxa4 Bxd5 15. Ne5 Be6 16. Rfe1 Kd8 17. Bxd7 Bxd7 18.
Nac4 Be6 19. Nb6 Ra7 20. b4 Rc7 21. Rac1 c4 22. Red1 c3 23. Nd5 Bxd5 24. Rxd5
$16 {Burmakin,V-Lugovoi,A/Balatonbereny op (06)/1993/1-0 (38)}) 8... Nxd5 9.
Nxd5 Bxd5 10. Ne5 Rb8 11. e4 Bxe4 12. Bxc4 e6 13. Bxe6 fxe6 14. Qxe4 Nxe5 15.
Qxe5 Qd6 16. Bf4 Qxe5+ 17. Bxe5 Rd8 18. O-O Rd5 19. Rfe1 Kf7 20. Re3 Be7 21.
Rae1 Rhd8 {1/2-1/2 Tratar,M-Sermek,D/SLO-ch ;TD 93\10 1993}) 7... Nxe4 (7...
Qa5+ {RR Es folgt die von E.Lobron zitierte Partie, die er nicht mehr
wiederfinden konnte. Sie konnte mühelos mit "Shift"/ "F6" gefunden werden.} 8.
Nc3 Nxe4 9. Bd2 Nxd2 10. Nxd2 g6 11. Nxc4 Qd8 12. Qa4+ Nd7 (12... Qd7 13. Nd6+
$18) 13. Ne5 Bg7 14. Nxd7 {Mollov,E 2400-Peric,SI 2270/Cannes op (08)/1993/1-0/
;TD 93\04} Qxd7 15. Bb5 $18) 8. Bxc4 Nd6 (8... g6 9. O-O Bg7 10. Re1 Nd6 11.
Bg5 f6 (11... Nxc4 12. Bxe7 Qxe7 13. Rxe7+ Kxe7 14. Qe2+ $18) 12. Nxd6+ Qxd6
13. Bh4 O-O 14. Bg3 $18) (8... a6 9. Nc3 Nxc3 (9... Nd6 10. Bb3 g6 11. Ba4+ Nd7
12. Ne5 $18) 10. bxc3 g6 11. Rb1 $16) (8... Nd7 {Ftacnik} 9. Bf4) 9. Ne5 $1 $8
(9. Nxd6+ exd6 10. O-O Be7 11. Bb5+ $2 (11. Bf4 $14) 11... Nd7 12. Qa4 a6 13.
Bc6 Bxc6 14. dxc6 Nb6 $15) 9... a6 {[#]} (9... Nxc4 10. Nxc4 Ba6 (10... a6 {
Ftacnik} 11. Nc3 e6 12. Qa4+ Nd7 13. dxe6 fxe6 14. O-O $16) (10... Bxd5 $2 11.
Qxd5 Qxd5 12. Nc7+ $18) 11. a4 g6 12. Bf4 $16) 10. Qf3 $1 $18 f6 $8 (10... Qa5+
11. Bd2 axb5 (11... Qxb5 12. Bxb5+ axb5 13. O-O e6 14. Nc6 exd5 15. Rfe1+ $18)
12. Bxa5 Rxa5 13. b4 cxb4 14. Bb3 $18) (10... axb5 {Ftacnik} 11. Bxb5+ $18) (
10... Nxc4 $4 {Ftacnik} 11. Qxf7#) 11. Nxd6+ Qxd6 (11... exd6 {Ftacnik} 12.
Qh5+ g6 13. Nxg6 hxg6 14. Qxh8 $18) 12. Qh5+ g6 13. Nxg6 hxg6 14. Qxh8 Nd7 (
14... Bxd5 {Ftacnik} 15. Bxd5 Qxd5 16. O-O Nd7 17. Be3 $16) 15. O-O Nb6 16. b3
O-O-O (16... Nxd5 {Ftacnik} 17. Bh6 e5 18. Rad1 $18) 17. Be3 Kb8 (17... Nxd5
18. Rfd1 e6 19. Bxd5 Bxd5 20. Bxc5 $18) 18. Rfd1 Nd7 (18... Nxd5 {Ftacnik} 19.
Rac1 f5 20. Bxd5 Bxd5 21. Bxc5 $18) 19. Rac1 Rc8 20. Qh3 1-0

[Event "RUS-ch"]
[Site "Elista"]
[Date "1995.??.??"]
[Round "10"]
[White "Zakharevich, Igor"]
[Black "Yakovich, Yuri"]
[Result "1/2-1/2"]
[WhiteElo "2430"]
[BlackElo "2560"]
[Annotator "Nikitin,A"]
[PlyCount "102"]
[EventDate "1995.10.??"]
[EventType "swiss"]
[EventRounds "11"]
[EventCountry "RUS"]
[SourceTitle "CBM 050"]
[Source "ChessBase"]
[SourceDate "1996.02.01"]
[SourceVersion "1"]
[SourceVersionDate "1996.02.01"]
[SourceQuality "1"]

1. d4 d5 2. Nf3 Nf6 3. c4 dxc4 4. Nc3 a6 5. e4 (5. a4 Nc6 6. e4 Bg4 $5) 5... b5
6. e5 Nd5 7. a4 Nxc3 8. bxc3 Qd5 9. g3 Bb7 (9... Be6 10. Bg2 Qb7 11. O-O Bd5
12. e6 $5 Bxe6 13. Ng5 Bd5 14. Bxd5 Qxd5 15. axb5 e6 $13) 10. Bg2 Qd7 11. Nh4
Bxg2 (11... c6 12. f4 e6 13. O-O g6 $13) 12. Nxg2 b4 {N/} (12... e6 13. Qf3 Qd5
14. Qxd5 exd5 15. axb5 $16) 13. O-O (13. Qf3 $5 Qc6 14. d5 Qb7 15. e6 fxe6 16.
Nf4 $146 exd5 17. Nxd5 (17. Qh5+ $2 g6 18. Nxg6 hxg6 19. Qxh8 d4 20. O-O dxc3
21. Bh6 Nd7 $17) 17... e6 $8 18. Nxc7+ Qxc7 19. Qxa8 Qe5+ 20. Be3 Qxc3+ 21. Ke2
$146) 13... e6 14. Nf4 Nc6 $132 15. Qe2 bxc3 $1 16. Be3 Na5 17. Rad1 c6 18. Qc2
Bb4 19. Nh5 O-O-O $1 (19... O-O $5 20. Qe4 f5 21. exf6 gxf6 22. Bh6 Rf7 $15)
20. Nf4 (20. Nxg7 h5 21. Bg5 Rdg8 22. Bf6 Rh6 $17) 20... Nb3 (20... Kc7 $1 21.
Ne2 Rb8 22. Nxc3 Bxc3 23. Qxc3 Qd5 $17) 21. Qe2 Nd2 $2 (21... c5 $5 22. d5 (22.
Qxc4 $2 Qxa4 23. Rb1 Nxd4 24. Ra1 Qb5 25. Qxb5 Nxb5 $1 26. Rxa6 Kb7 $17) 22...
Qxa4 23. dxe6 Rxd1 24. Rxd1 fxe6 25. Qxc4 Re8 26. Rd6 Nd2 $13) 22. Bxd2 cxd2
23. Qxc4 a5 24. Nd3 $1 Qxd4 25. Qxc6+ Kb8 26. Nxb4 (26. Rxd2 Bxd2 27. Rb1+ $1 (
27. Nc5 Qb2 28. Qe4 Bc1 $1 $17) 27... Bb4 28. Nc5 Qxc5 (28... Qd5 29. Qb6+ Kc8
30. Rc1 $40) 29. Qxc5 Rd1+ $1 30. Kg2 Rxb1 31. Qb6+ Kc8 32. Qc6+ Kb8 $10) 26...
axb4 27. Qb5+ Ka8 28. Qa5+ Qa7 (28... Kb8 29. Rb1 (29. Qb5+ Kc7 $1 30. Rc1+ $3
(30. Qa5+ $2 Kd7 $1 31. Rb1 Rb8 32. Rfd1 Rhd8 $17) 30... dxc1=Q 31. Rxc1+ Qc3
32. Rxc3+ bxc3 33. Qc5+ Kb8 34. a5 Rd7 35. a6 Rc8 36. Qb5+ Kc7 37. Qa5+ Kb8 38.
Qb5+ $10) 29... d1=Q 30. Rbxd1 $1 (30. Rxb4+ $2 Kc8 31. Qa6+ Kd7 $17) 30...
Qxd1 31. Qxb4+ Kc7 32. Qc5+ Kb7 33. Qb5+ $10) 29. Qxb4 Rd4 30. Qc3 Rhd8 31. Rb1
Qa6 $8 (31... Qd7 32. Rfd1 Rxa4 33. Rxd2 $1 Rc8 34. Qb3 Qa7 35. Qf3+ $18) 32.
Rfd1 Rd3 33. Qc7 R3d7 34. Rb8+ $1 Rxb8 35. Qxd7 Rb2 36. Rxd2 (36. Qe8+ $2 Rb8
37. Qxf7 Qe2 $17) 36... Rxd2 37. Qxd2 Qxa4 38. Qg5 Qd1+ 39. Kg2 Qd5+ 40. f3 g6
41. Qf4 Qb7 42. g4 Qc7 43. Qh6 Qxe5 44. Qf8+ Kb7 45. Qxf7+ Kc6 46. Qxh7 Qe2+
47. Kg3 Qe5+ 48. Kh3 Qf6 $1 $10 49. Kg2 Qb2+ 50. Kf1 Qa1+ 51. Ke2 Qe5+ 1/2-1/2

[Event "Chigorin Memorial"]
[Site "St Petersburg"]
[Date "1995.??.??"]
[Round "7"]
[White "Rychagov, Andrey"]
[Black "Vaulin, Alexander"]
[Result "1-0"]
[WhiteElo "2310"]
[BlackElo "2490"]
[Annotator "Nikitin,A"]
[PlyCount "75"]
[EventDate "1995.09.??"]
[EventType "swiss"]
[EventRounds "9"]
[EventCountry "RUS"]
[SourceTitle "EXT 1997"]
[Source "ChessBase"]
[SourceDate "1996.11.15"]
[SourceVersion "1"]
[SourceVersionDate "1996.11.15"]
[SourceQuality "1"]

1. d4 d5 2. c4 dxc4 3. Nf3 c5 4. d5 e6 5. Nc3 Nf6 6. e4 exd5 7. e5 Nfd7 8. Bg5
Be7 9. Bxe7 Qxe7 10. Nxd5 Qd8 11. Qc2 (11. Bxc4 Nc6 12. Qe2 $5 (12. Qa4 Qa5+
13. Qxa5 Nxa5 14. Bb5 $14) 12... Qa5+ 13. b4 $1 Nxb4 14. O-O $146) 11... b5 (
11... Nb6 12. Rd1 Nxd5 13. Bxc4 O-O 14. Rxd5 Qe7 15. h4 Nc6 $13) 12. O-O-O (12.
e6 fxe6 13. Qe4 O-O 14. O-O-O Na6 15. h4 exd5 16. Qxd5+ Kh8 17. Qxa8 Qc7 18.
Qe4 Nf6 19. Qe5 Qa5 20. Qd6 Kg8 21. a3 c3 $13 {Lukacs,P-Vaulin,A/Budapest/1994/
}) 12... Bb7 13. h4 Bxd5 14. Rxd5 Qe7 15. Qe4 Nb6 16. e6 f6 $8 (16... Nxd5 17.
exf7+ $18) (16... O-O 17. Ng5 f5 18. Rxf5 Rxf5 19. Qxf5 g6 20. Qe4 Na6 21. f4
$40) (16... fxe6 17. Re5 O-O 18. Ng5 g6 19. Rxe6 $16) 17. Rh5 (17. h5 O-O 18.
Nh4 Nxd5 19. Nf5 Qb7 (19... Qc7 20. Qxd5 Nc6 21. e7+ Rf7 22. Rh4 Re8 23. Rg4 (
23. Nh6+ gxh6 24. Rg4+ Kh8 25. Qxf7 Qxe7 $19) 23... Rexe7 24. Rxg7+ Kf8 25.
Nxe7 Qf4+ 26. Kb1 Rxg7 27. Nxc6 Rg5 28. Qd8+ Kg7 29. Qe7+ Kh6 30. Qf8+ $16) 20.
Qg4 Nc6 21. e7 Qxe7 22. Nxe7+ Ncxe7 23. h6 Rf7 24. Be2 f5 25. Qg5 $14) 17...
Na6 (17... g6 18. Qxg6+ hxg6 19. Rxh8+ Qf8 20. Rxf8+ Kxf8 21. h5 Nc6 22. hxg6
Kg7 23. g3 Kxg6 24. Bg2 Rc8 25. Nh4+ Kg5 26. Bh3 Ne7 27. f4+ $16 Kh5 28. Nf5) (
17... Kd8 $5 18. Rxh7 Rxh7 19. Qxh7 Qxe6 20. Qxg7 Nc6 21. h5 Nd4 22. Nxd4 cxd4
23. g3 c3 $132) (17... h6 18. Qg6+ Kd8 19. Be2 Kc7 20. Rd1 Na6 $15) 18. Qc6+
Kf8 19. Ne5 (19. Qxb5 g6 20. Qxa6 gxh5 21. Bxc4 Nxc4 22. Qxc4 Rg8 23. Re1 Rg4
24. Qd5 Rd8 25. Qxh5 Rc4+ 26. Kb1 Kg8 $13) 19... Kg8 $8 20. Nf7 (20. Qxb5 Nc7
21. Nc6 Qxe6 22. Qxc5 Qe1+ 23. Kc2 Qe4+ 24. Kc1 Re8 $17) 20... g6 $8 21. Rh3 $1
Kg7 $2 (21... gxh5 $8 22. Rg3+ Kf8 23. Nxh8 Re8 24. Qxb5 (24. Rg6 $2 Nc7 25.
Qf3 Nbd5 26. Qxh5 Qxe6 27. Qh6+ Ke7 28. Rg7+ Kd8 29. Nf7+ Kc8 $17) 24... Nc7
25. Qc6 Qxe6 26. Qxc5+ Qe7 27. Qxh5 Qe1+ 28. Qd1 Qxd1+ 29. Kxd1 Re7 (29... Ncd5
30. h5 Re5 31. h6 Rg5 $1 32. Ra3 Kg8 33. Rxa7 Kxh8 $17) 30. Be2 Rg7 31. Bh5
Rxg3 32. fxg3 Ne6 33. Nf7 Ng7 $17) 22. Rg3 $1 $40 Rhe8 23. Nd6 Kf8 (23... Qxe6
24. Re3 Rac8 25. Rxe6 Rxc6 26. Nxe8+ $18) (23... Kh8 24. Rxg6 Qxe6 25. Re5 $3
hxg6 26. Rxe6 Rxe6 27. Nf7+ Kg7 28. Qxe6 $18) 24. Nxe8 Rxe8 25. Rxg6 $1 Nb4 26.
Rxh7 $1 Qxh7 $2 (26... Nxa2+ $1 27. Kb1 $1 Qxh7 28. e7+ $3 Kxe7 (28... Qxe7 29.
Rxf6+ Kg7 30. Rg6+ Kf7 31. Kxa2 Rc8 32. Qd6 Qxd6 33. Rxd6 Re8 34. Rd1 Re4 35.
g3 b4 36. Kb1 $16) 29. Qxf6+ Kd7 30. Kxa2 $18) 27. Rxf6+ Ke7 28. Qc7+ $18 Kxf6
29. Qxh7 Rxe6 30. Qh6+ Ke7 31. Qg7+ Kd6 32. Kd2 Nc6 33. h5 b4 34. h6 c3+ 35.
bxc3 bxc3+ 36. Kxc3 Nd5+ 37. Kb2 Re7 38. Qg6+ 1-0

[Event "EU-ch 17th"]
[Site "Gjakova"]
[Date "2016.05.17"]
[Round "6"]
[White "Sanikidze, Tornike"]
[Black "Nisipeanu, Liviu Dieter"]
[Result "0-1"]
[WhiteElo "2537"]
[BlackElo "2669"]
[Annotator "Nisipeanu,LD"]
[PlyCount "58"]
[EventDate "2016.05.12"]
[EventType "swiss"]
[EventRounds "11"]
[EventCountry "KOS"]
[SourceTitle "CBM 173"]
[Source "ChessBase"]
[SourceDate "2016.07.12"]
[SourceVersion "1"]
[SourceVersionDate "2016.07.12"]
[SourceQuality "1"]

{In my games with Black so far, I had faced the King's Indian with dxe5 and
the Nimzo-Indian 4.Qc2, Nf3 and g3, two well known drawish lines. Although in
the Nimzo I tried hard to lose, I managed to draw that game anyway and I was
happy to finally play a opponent who wants to win with White.} 1. d4 Nf6 2. c4
e6 3. Nf3 d5 4. Nc3 dxc4 5. e4 Bb4 6. Bxc4 {The most critical test nowdays and
even though Sanikidze had not played this move before, I had checked my
preparation a bit, just in case.} Nxe4 7. O-O Nxc3 8. bxc3 Be7 (8... Bd6 {
is the main alternative and it was played by Sankidze himself later in the
tournament against Cheparinov.}) 9. Ne5 O-O 10. Qg4 Nc6 11. Bh6 Bf6 12. Rfe1
$146 (12. Rae1 Ne7 13. Bc1 c5 14. Ba3 b6 15. Qf3 Rb8 16. Ng4 Nf5 17. dxc5 Be7
18. Ne5 Bxc5 19. Bxc5 bxc5 20. Nc6 Bb7 21. Nxd8 Bxf3 22. Nxf7 {with a draw was
played in Bacrot-Van Kampen in the Bundesliga.}) (12. Rad1 Ne7 13. Bc1 c5 {
finished in Black's favour in Carlsen-Kramnik Amber 2010.}) 12... Ne7 {After
some brief thought, I decided to execute the standard plan in this position.} (
{The only other move which I considered was} 12... Kh8 {but after} 13. Nxc6
bxc6 14. Bd3 {Black's position does not impress.}) 13. Rad1 {Now we have
transposed again into known territory; things are very confusing in this line.}
c5 $1 {Again, typical for this line, Black needs to undermine White's grip in
the centre.} 14. Rd3 $6 (14. Bc1 Ng6 15. Re3 {keeps the game balanced
according to the engine, but the position is unclear with chances for both
sides in human terms.}) 14... b5 $1 {I just remembered that I had to include
this pawn sac somwhere, in order to distract the bishop from the a2-g8
diagonal and this seemed like the best moment to me.} 15. Bxb5 cxd4 16. Rh3 $5
({It is clear that after the modest} 16. cxd4 Qa5 17. Rb1 Rb8 $15 {the
initiative passes to Black, so Tornike's choice is understandable.}) 16... Nf5
$1 (16... dxc3 17. Qh5 g6 18. Qf3 Nd5 19. Ng4 {is quite unclear.}) 17. Bd3 ({
After} 17. Bd2 Bb7 18. Bd3 g6 $1 19. cxd4 Bg7 $15 {Black's minor pieces look
very nice.}) 17... dxc3 $1 {Since I could not find a mate for White, I decided
to be greedy.} (17... Bxe5 18. Rxe5 Nxh6 19. Qe4 f5 20. Qxa8 Qc7 21. Re1 {
did not seem clear to me.}) 18. Nc6 (18. Bf4 g6 19. Be4 c2 $1 20. Bxc2 Qa5 $17
{would have been White's best bet, but his position might be lost anyway.})
18... Qc7 19. Bf4 $2 {Time trouble made my job easier.} ({A more stubborn try
was} 19. Bg5 Bxg5 20. Qxg5 Qxc6 $1 21. Be4 Qc5 22. Bxa8 h6 $17) 19... Qxc6 20.
Be4 Qc4 21. Bxa8 e5 22. Be4 Nh6 (22... Nh4 {was simpler, but my time was also
running low.}) 23. Qf3 exf4 24. Rxh6 {Desperation, but also the best practical
chance.} gxh6 25. Qxf4 Re8 $1 $19 26. Re3 Qd4 27. h4 c2 28. Rg3+ Bg7 29. Bxh7+
Kxh7 {Quite a clean game, which put me in a good mood before the free day. My
respect to Sanikidze who played all out for a win and I think that this is the
right mindset for progressing in chess, even if sometimes it backfires.} 0-1